000
002540000a22000970004500
100
1
_a
Seuc, Napoleón.
245
1
0
_a
Jesucristo es el señor de la historia
300
_a
Vol. 3, Núm 14 (1991), Páginas 30-
773
0
_t
Impacto Presbiteriano
942
_c
ANA
999
_c
50989
_d
50989